Who Got Top 10 In MCC Parkour Warrior (New) - Canon Only - Statistics

General Stats
  • This quiz has been taken 10 times
  • The average score is 18 of 30
Answer Stats
Hint Answer % Correct
7 PeteZahHutt
100%
7 Purpled
100%
3 Antfrost
89%
4 Fruitberries
89%
2 Sapnap
89%
1 TapL
89%
4 FireBreathMan
78%
3 Jojosolos
78%
3 OrionSound
78%
1 5up
67%
1 AntVenom
67%
4 Illumina
67%
1 Kratzy
67%
4 Seapeekay
67%
1 Shadoune
67%
1 CaptainSparklez
56%
4 Punz
56%
3 Ranboo
56%
3 Smallishbeans
56%
1 Sneegsnag
56%
1 Tubbo
56%
2 Wallibear
56%
2 Krinios
44%
1 InTheLittleWood
33%
1 Blushi
22%
1 OwengeJuice
22%
1 Ph1LzA
22%
1 Skeppy
22%
1 Velvet
22%
1 F1NN5TER
11%
No matching quizzes found
Score Distribution
Percent of People with Each Score
Percentile by Number Answered
Your Score History
You have not taken this quiz